| 000 | 00897nas a2200265 i 4500 | ||
|---|---|---|---|
| 001 | 1482 | ||
| 003 | ES-MaACL | ||
| 005 | 20250416144201.0 | ||
| 007 | t| | ||
| 008 | 950801c1949 it w| | 1 ||ta d | ||
| 080 | _a05 | ||
| 245 | 0 | 3 | _aIl Mondo. |
| 260 |
_aRoma : _b[s.n.], _c1949- |
||
| 300 |
_av : _bgrab ; _c57 y 28 cm. |
||
| 310 | _aSemanal | ||
| 362 | 0 | _aAño I (1949)- | |
| 515 | _aNo se publica en enero-febrero 1996. | ||
| 650 | 1 | 4 |
_aRevistas de información general. _916896 |
| 655 | 7 |
_2tgfbne _9226866 _aRevistas |
|
| 852 |
_aES-MaACL _jHEM-1760 _dOlim: Hem-1214 _91510 _cHEM |
||
| 866 | 0 |
_o(1974f.en-jul)(1975f.n34-35)(1976f.n16y50)(1977f.n28)(1978f.n9)1979-87(1988 f.n34-35)(1989f.n1-17)1990(1991f.n1-18)(1992 f.n38y45)1993-95(1996 f.n13,18,25)1997-99(2000 f.ag-dic). _zDeja de recibirse |
|
| 942 |
_2udc _cPERIODICA |
||
| 999 |
_c1482 _d1482 |
||